| 000 | 00667cam a2200229 i 4500 | ||
|---|---|---|---|
| 001 | 32054 | ||
| 003 | BD-RjUL | ||
| 005 | 20211209051801.0 | ||
| 008 | 140423s1950 nyu 000 0 eng d | ||
| 035 | _a(BD-RjUL)32143 | ||
| 040 |
_aDLC _cDLC _dBD-RjUL _beng |
||
| 041 | _aeng | ||
| 082 | 0 | 0 |
_a248.482 _bSHL1950 |
| 100 | 1 |
_aSheen, Fulton J. _q(Fulton John), _d1895-1979. _996509 |
|
| 245 | 1 | 0 |
_aLift up your heart / _cby Fulton J. Sheen. |
| 260 |
_aNewYork : _bMcGraw-Hill Book Company, _c c1950. |
||
| 300 |
_a[8] 308 p. ; _c18 cm. |
||
| 650 | 0 |
_aChristian life _xCatholic authors. _997559 |
|
| 942 |
_2ddc _cBK |
||
| 999 |
_c32054 _d32054 |
||